Top 5 European League Top Scorers: 2001/02 - Statistics

General Stats
  • This quiz has been taken 9 times
  • The average score is 11 of 30
Answer Stats
League Goals Club Nationality Player % Correct
Premier League 23 Newcastle England Alan Shearer
89%
Serie A 24 Juventus France David Trezeguet
89%
Premier League 19 Liverpool England Michael Owen
89%
La Liga 18 Barcelona Netherlands Patrick Kluivert
89%
Premier League 23 Manchester United Netherlands Ruud van Nistelrooy
89%
Premier League 24 Arsenal France Thierry Henry
89%
Serie A 22 Inter Italy Christian Vieri
78%
Premier League 23 Chelsea Netherlands Jimmy Floyd Hasselbaink
78%
La Liga 17 Barcelona Argentina Javier Saviola
67%
La Liga 18 Real Madrid Spain Fernando Morientes
56%
La Liga 21 Coruna Spain Diego Tristan
44%
Bundesliga 17 Bayern Munich Brazil Giovane Elber
44%
Bundesliga 16 Kaiserslautern Germany Miroslav Klose
44%
Division 1 22 Bordeaux Portugal Pauleta
44%
Division 1 22 Auxerre France Djibril Cisse
33%
Bundesliga 16 Werder Bremen Brazil Ailton
22%
Bundesliga 18 Borussia Dortmund Brazil Marcio Amoroso
22%
Division 1 14 Lyon Brazil Sonny Anderson
22%
Serie A 24 Piacenza Italy Dario Hubner
11%
Bundesliga 18 1860 Munich Germany Martin Max
11%
La Liga 17 Espanyol Spain Raul Tamudo
11%
Division 1 14 Monaco DR Congo Shabani Nonda
11%
La Liga 17 Celta Vigo Spain Catanha
0%
Serie A 18 Venezia Italy Filippo Maniero
0%
Division 1 19 Lorient France Jean-Claude Darcheville
0%
Serie A 20 Parma Italy Marco Di Vaio
0%
Bundesliga 17 Bayer Leverkusen Germany Michael Ballack
0%
Division 1 15 Troyes France Nicolas Gousse
0%
Division 1 14 Sochaux France Pierre-Alain Frau
0%
Division 1 14 Bastia France Tony Vairelles
0%
No matching quizzes found
Score Distribution
Percent of People with Each Score
Percentile by Number Answered
Your Score History
You have not taken this quiz